| 000 | 00693nam a2200205 i 4500 | ||
|---|---|---|---|
| 001 | bg | ||
| 100 | 1 | _aCHRZANOWSKA, Ewa | |
| 245 | 1 | 0 |
_aOpłata skarbowa i podatek od czynności cywilnoprawnych / _cEwa Chrzanowska, Ewa Góra, Marcin Kotula. |
| 260 |
_aGdańsk : _bOśrodek Doradztwa i Doskonalenia Kadr, _c2001. |
||
| 300 |
_a100, [26] s. ; _c24 cm. |
||
| 650 | 9 |
_aOpłaty skarbowe _xprawo _zPolska _ystan na 2001 r. |
|
| 650 | 9 |
_aPodatek od czynności cywilnoprawnych _xprawo _zPolska _ystan na 2001 r. |
|
| 020 | _a8371874413 | ||
| 040 | _cBPK | ||
| 041 | 0 | _apol | |
| 080 | _a336.23:347.2/.4](438) | ||
| 920 | _a83-71874-41-3 | ||
| 942 | _cKS | ||
| 008 | s pl f |000 0 pol | ||
| 999 |
_c35410 _d35410 |
||
| 856 |
_uhttp://koha.tu.koszalin.pl/cgi-bin/koha/opac-detail.pl?biblionumber=35410 _yKatalog online BPK |
||